000
00209nam a2200085Ia 4500
008
120527s9999 xx 000 0 und d
100
_a
Kim &Kim
245
_a
Global corporate finance. Text and cases
942
_c
BK
999
_c
27143
_d
27143